00237nam a2200109Ia 4500008004100000100001900041245001200060260001700072650001400089942000700103999001700110190216s9999||||xx |||||||||||||| ||und|| aChandu Menon O 0aSharada bNbs Kottayam aKavithkal cBK c24300d24300